| 000 | 00768cam a2200229 a 4500 | ||
|---|---|---|---|
| 001 | 000009347 | ||
| 005 | 20200929161549.0 | ||
| 008 | 790823s1969 ve 001 j spa | ||
| 040 |
_aDO-SdBNP _cDLC _dDLC |
||
| 082 |
_aV863.44 _bT787e |
||
| 100 | 1 |
_aTrejo, Oswaldo, _d1928- _924111 |
|
| 245 | 1 | 0 |
_aEscuchando al idiota y otros cuentos / _cOswaldo Trejo. |
| 260 |
_aCaracas, (Venezuela) : _bMonte Ávila, _c[1969]. |
||
| 300 |
_a217 p. ; _c18 cm. |
||
| 490 | 1 | _aContinente | |
| 505 | 0 | _aLos cuatro pies (1948) -- Cuentos de la primera esquina (1952) -- Depósito de seres (1963). | |
| 650 | 4 |
_aCuentos venezolanos _93815 |
|
| 650 | 4 |
_aLiteratura venezolana _ySIGLO XX _99777 |
|
| 830 | 0 |
_aContinente. _95070 |
|
| 910 | _aCatalogación por copia / LC | ||
| 049 | _aBNGR | ||
| 999 |
_c9107 _d9107 |
||